000 00465nam a2200145Ia 4500
008 220326s9999||||xx |||||||||||||| ||und||
020 _a979-22-0592-6
084 _a10052 KUS Gov Bo.1
100 _aTridoyo Kusumastanto
245 0 _aOcean Policy, Dalam membangun negeri bahari di era otonomi daerah
260 _aJakarta
_bGramedia
_c2003
300 _axiii + 160 halaman
650 _aGovernment (Pemerintahan)
_eG-O-V
_yOcean policy, Otonomi Daerah
942 _cBK
999 _c12557
_d12557